01488nam a2200337 i 4500999001500000001001900015003000400034005001700038008004100055015001600096017004400112020001800156040002800174043003000202080004200232080003700274080003700311100003100348245022500379264004300604300006300647490003500710650006400745650006500809650007600874830005600950908001201006940000701018942001301025952011201038 c7661d7661991060868369006706OSt20230323181522.0221027e202206 spc|||| |||| 0|0 0 cat|  aLL20222bnc aDL Gi 853-2022bBiblioteca de Catalunya a9788419292049 aES-BaBCbcaterdacCDMR ae-sp---be-spcbr2catmarc a622.86Mina Clara, Accident a la22004 a622.33x(460.23 Be)x(091)22004 a622.86x(460.23 Be)x(091)220041 aFava Compte, María9167810aLa Mina de la mort :ben una galeria de carbó de l'Espà, al Berguedà, l'any 1944 van morir 34 miners, l'accident amb més víctimes mortals de la història de la mineria a l'Estat espanyol /cMaria Favà Compta 1aCassà de la Selva :bGavarres,c2022 a125 pàgines :bil·lustracions en blanc i negre ;c24 cm1 aCol·lecció periodismes ;v1 7aMina Clara, Accident a la, Espà (Berguedà), 19442lemac 7aMines de carbózBerguedà (Catalunya)xHistòria.2lemac 7aMines de carbóxAccidentszBerguedà (Catalunya)xHistòria.2lemac 0aCol·lecció periodismes (Editorial Gavarres) ;v1 aBCaURL aBC 2udccMON 00104070aCDMRbCDMRd2023-03-23eDonacióg20.00l0oDj /139pCDMR22090005r2023-03-23w2023-03-23yMON